MDQL
is popping MORE tags! Check the
thread
!
Quizzes
Events
Quiz Creation
Community
Videos
Private Events
Remove Ads
Sign In
Join for FREE
Feedback
Dark Mode
Quiz Categories
Sports
Geography
Music
Movies
Television
Just For Fun
Miscellaneous
History
Literature
Language
Science
Gaming
Entertainment
Religion
Holiday
For Kids
Quiz Lab
Recent
Popular Today
Quiz Kudos Today
Editor Picks
Curator Picks
Quizzes by...
Day
Popularity
Type
Ratings
Length
Year
Community
Subscriptions
Recent Discussions
Orange Saloon
Badges
Playlists
Quests
Create
Leaderboards
Showdown
Live 5
Trivia Bingo
Activity
Puzzle Library
Sporcle Events
Private Events
Virtual Trivia
Globe League
Become a Host
Pub Owners
SporcleCon
Opinionation
Our Games
Videos
Blog
Mobile Apps
Partnerships
Remove Ads and Go Orange
Feedback
Movies
Disney
Marvel Cinematic Universe
Movie Resume
Movie Titles
Oscar
Actor
Actress
Director
Pixar
Role
Movie Quotes
Movie Characters
Box Office
Nominee
Best Picture
Star Wars
James Bond
Horror Movies
Movies
Disney
Marvel Cinematic Universe
Movie Resume
Movie Titles
Oscar
Actor
Actress
Director
Pixar
Role
Movie Quotes
Movie Characters
Box Office
Nominee
Best Picture
Star Wars
James Bond
Horror Movies
Random Quiz
Search Sporcle
×
Quiz Lab
Quiz Lab
Movies
James Bond
Select answers by clicking on text or image buttons
Select answers by clicking on text or image buttons
Clickable
Best Score? Go Orange.
Follow That Line: Licence To Kill Stats
Can you pick the lines that follow these quotes from 'Licence To Kill'
By
dragonmaster79
10m
34 Questions
486 Plays
486 Plays
486 Plays
Comments
Comments
Give Quiz Kudos
Give Quiz Kudos
-
- Ratings
hide this ad
Forced Order
Answers have to be entered in order
Answers have to be entered in order
Random Order
Randomize order of answers
Randomize order of answers
Replay
Link that replays current quiz
Next Quiz
Link to next quiz in quiz playlist
You Got
0%
They Got
Avg Score
74%
Avg Friend Score
Upgrade to see
Score Distribution
Jump to the score distribution portion of the page
Score
0/34
Timer
10:00
0
Plays Today
% Correct
Give her his heart.
93%
Don't worry, we gave her a nice honeymoon.
91.2%
You earnt it. You keep it.
85%
So nobody has to see you go out.
85%
More of a problem eliminator.
84.8%
When you're up to your knees, you'll kiss my a** to kill you!
84.2%
Oh, spare me this sentimental rubbish. He knew the risks.
83.3%
I hope you don't snore, Q.
83.1%
Well, why don't you ask me?
81.5%
Guaranteed not to wake up anybody who uses it.
80.7%
No, I'm his secretary!
80%
Drug dealers of the world, unite.
79.6%
Don't you know? Iguanas are a girl's best friend.
79%
I know a shark bite when I see one.
78.8%
We're south of the border. It's a man's world.
78.8%
It's not luck. It's experience.
78.6%
It's Sanchez's way. You seem to like it.
77%
% Correct
Of money.
76.5%
We're not a country club, 007!
76.5%
Launder it.
75.7%
Like a little bird.
75.5%
No, amigo. It's mine!
75.1%
Our biggest problem is what to do with all the money.
74.9%
If I don't get you back for the wedding, I'm a dead man for sure.
74.1%
Bless your hearts.
72.6%
I guess it's time to start cutting overhead.
71.2%
Nobody's asking you, gringo.
69.3%
No, today is the first day of the rest of your life.
67.7%
Lead or Silver.
65.6%
Exactly. You took the words right out of my pocket.
59.9%
Remember, you're only president for life.
58.2%
Give me your gun.
48.4%
Bulls**t!
48.4%
Very good, but I think I'm gonna be home soon, eh.
41.8%
Quiz Playlist
Details
Report
Send in Message
Add To Playlist
Clickable:
Select answers by clicking on text or image buttons
Forced Order:
Answers have to be entered in order
Random Order:
Randomize order of answers
Last Updated: May 11, 2017
Quiz Scoreboard
CHALLENGE
Sign Up to Join the Scoreboard
Show All
Scores
Hide
Comments
May contain spoilers
Recently Published
Colored Red Africa Blitz
by spor1
Geography
30s
Find the 'City' Movie
by crazypaving
Movies
60s
5x2 Blitz: Bands
by SL_Kpop136
Music
30s
More to Explore
Quiz From the Vault
Featured Blog Post
14 Easter Pick-up Lines to Find Eggs With
hide this ad
You Might Also Like...
Tags
Follow That Line Quiz
James Bond Quiz
1989
Today's Top Quizzes in Movies
Browse Movies
hide this ad
Today's Top Quizzes in James Bond
Browse James Bond
Top Contributed Quizzes in Movies
1
Find The 'Big' Movie
2
Find The 'Blue' Movie
3
Find The 'Wild' Movie
4
Hidden Star Wars Character II
5
Pick 5 Posters: Directed by Spielberg
6
Hidden Star Wars Character III
7
Hidden Star Wars Character IV
8
Movies By Plot
9
Alfred Hitchcock Movies by Plot
10
Hidden Star Wars Character V
Explore More
Trending Topics
Marvel
Kpop
Disney
Anime
Crossword
NBA
Harry Potter
Country
Puzzle
NFL
Pokémon
WWE
Soccer
Song
The Office
hide this ad
More By:
dragonmaster79
Quiz
Plays
Rating
Category
Featured
Created
Follow That Line: Star Trek II - The Wrath Of Khan
1,837
4.38
Movies
Sep 24, 2014
Follow That Line: The Terminator
1,296
4.78
Movies
Aug 13, 2016
Follow That Line: Star Trek - Generations
1,282
5.00
Movies
May 25, 2015
Follow That Line: Star Trek III - The Search For Spock
1,185
4.73
Movies
Oct 5, 2014
Follow That Line: Blackadder Goes Forth (Series 4)
937
5.00
Television
Sep 7, 2016
Go to Creator's Profile
Score Distribution
Quiz Creator Spotlight
dragonmaster79
Follow
Send a Message
Quizzes Created
-
Created Quiz Play Count
-
More By This Creator
Popular Quizzes Today
1
5x2 Blitz: Bands
2
Find the 'City' Movie
3
Find the US States - No Outlines Minefield
4
Colored Red Africa Blitz
5
The Countries of the World
6
Find the US States
7
9x9 Crossword: Cartoon Network
8
Risky Map Clicking: Biggest States A-Z
More Movies Quizzes
Hide Your 'A' Movies
Published
Trending Quizzes
Colored Red Africa Blitz II
Colored Red Europe Blitz I
Find the 'Dark' Movie
Find the 'Day' Movie
Find the 'Good' Movie
Recently Updated
Champions League XIs: Real Madrid
pecheneg
Largest US Cities 1790-2010
pecheneg
Rides in Walt Disney World
pecheneg
Most Oscar Losses (Acting)
pecheneg
Beyoncé Albums
pecheneg
Leaping Animals
pecheneg
Reality TV Shows (A-Z)
bhenderson79
Rickey Henderson's Hall of Fame Teammates
pecheneg
Champions League XIs: Arsenal
pecheneg
Quick Pick: Celebrities in WWE's Hall of Fame
aduchscher
Trending Topics
Harry Potter
Kpop
NBA
Anime
Marvel
Crossword
Disney
WWE
NFL
Pokémon
Soccer
The Office
Country
Puzzle
Song
Your Account Isn't Verified!
In order to create a playlist on Sporcle, you need to verify the email address you used during registration. Go to your
Sporcle Settings
to finish the process.
Report this User
Report this user for behavior that violates our
Community Guidelines
.
Details:
Send Report
Go to the Sporcle.com Mobile Site →
Comments